MARC details
| 000 -LEADER |
| fixed length control field |
02124cam a22005417a 4500 |
| 001 - CONTROL NUMBER |
| control field |
4223 |
| 003 - CONTROL NUMBER IDENTIFIER |
| control field |
FISKH |
| 005 - DATE AND TIME OF LATEST TRANSACTION |
| control field |
20250619155543.0 |
| 008 - FIXED-LENGTH DATA ELEMENTS--GENERAL INFORMATION |
| fixed length control field |
121017s2011 nyuab j 000 1 eng d |
| 010 ## - LIBRARY OF CONGRESS CONTROL NUMBER |
| LC control number |
2012418536 |
| 020 ## - INTERNATIONAL STANDARD BOOK NUMBER |
| International Standard Book Number |
9780545307437 (pbk.) |
| 020 ## - INTERNATIONAL STANDARD BOOK NUMBER |
| International Standard Book Number |
0545307430 (pbk.) |
| 020 ## - INTERNATIONAL STANDARD BOOK NUMBER |
| International Standard Book Number |
9780606229470 |
| 020 ## - INTERNATIONAL STANDARD BOOK NUMBER |
| International Standard Book Number |
0606229477 |
| 020 ## - INTERNATIONAL STANDARD BOOK NUMBER |
| International Standard Book Number |
9780329863371 (Follett bdg.) |
| 020 ## - INTERNATIONAL STANDARD BOOK NUMBER |
| International Standard Book Number |
0329863371 |
| 040 ## - CATALOGING SOURCE |
| Original cataloging agency |
BTCTA |
| Language of cataloging |
eng |
| Transcribing agency |
BTCTA |
| Modifying agency |
SPP |
| 050 ## - LIBRARY OF CONGRESS CALL NUMBER |
| Classification number |
PZ7.M513164 |
| 082 ## - DEWEY DECIMAL CLASSIFICATION NUMBER |
| Classification number |
853.92 |
| 100 ## - MAIN ENTRY--PERSONAL NAME |
| Personal name |
Stilton, Geronimo |
| 130 0# - MAIN ENTRY--UNIFORM TITLE |
| Uniform title |
Mistero a Castelteschio. |
| Language of a work |
English. |
| 245 10 - TITLE STATEMENT |
| Title |
Meet me in Horrorwood / |
| Statement of responsibility, etc. |
[text by] Geronimo Stilton ; [illustrations by Ivan Bigarella (pencils and inks) and Giorgio Campioni (color) ; translated by Lidia Tramontozzi]. |
| 260 ## - PUBLICATION, DISTRIBUTION, ETC. |
| Place of publication, distribution, etc. |
New York : |
| Name of publisher, distributor, etc. |
Scholastic, |
| Date of publication, distribution, etc. |
2011. |
| 300 ## - PHYSICAL DESCRIPTION |
| Extent |
113 pages : |
| Other physical details |
illustrations ; |
| Dimensions |
20 cm |
| 490 0# - SERIES STATEMENT |
| Series statement |
Creepella Von Cacklefur ; |
| Volume/sequential designation |
Book 2 |
| 505 ## - FORMATTED CONTENTS NOTE |
| Formatted contents note |
N<br/> |
| 520 ## - SUMMARY, ETC. |
| Summary, etc. |
"Something is wrong with Gorgo, the monster in the moat of Cacklefur Castle! Creepella discovers that he is lovesick for the monster Blobbina, who also happens to be a famous movie star. But when Creepella delivers Blobbina a love letter from Gorgo, she finds out Blobbina has disappeared! Creepella and Billy Squeakspeare head to Horrorwood to search for the missing Blobbina. Will they ever find her?" |
| 521 0# - TARGET AUDIENCE NOTE |
| Target audience note |
540<br/> |
| Source |
Lexile <br/> |
| 521 1# - TARGET AUDIENCE NOTE |
| Target audience note |
N<br/> |
| Source |
Raz-Plus<br/> |
| 650 #0 - SUBJECT ADDED ENTRY--TOPICAL TERM |
| Topical term or geographic name entry element |
Women journalists |
| Form subdivision |
Juvenile fiction. |
| 650 #0 - SUBJECT ADDED ENTRY--TOPICAL TERM |
| Topical term or geographic name entry element |
Mice |
| Form subdivision |
Juvenile fiction. |
| 650 #0 - SUBJECT ADDED ENTRY--TOPICAL TERM |
| Topical term or geographic name entry element |
Monsters |
| Form subdivision |
Juvenile fiction. |
| 650 #1 - SUBJECT ADDED ENTRY--TOPICAL TERM |
| Topical term or geographic name entry element |
Women journalists |
| Form subdivision |
Fiction. |
| 650 #1 - SUBJECT ADDED ENTRY--TOPICAL TERM |
| Topical term or geographic name entry element |
Mice |
| Form subdivision |
Fiction. |
| 650 #1 - SUBJECT ADDED ENTRY--TOPICAL TERM |
| Topical term or geographic name entry element |
Monsters |
| Form subdivision |
Fiction. |
| 650 #1 - SUBJECT ADDED ENTRY--TOPICAL TERM |
| Topical term or geographic name entry element |
Ghost stories. |
| 650 #4 - SUBJECT ADDED ENTRY--TOPICAL TERM |
| Topical term or geographic name entry element |
Actors |
| Form subdivision |
Fiction. |
| 650 #4 - SUBJECT ADDED ENTRY--TOPICAL TERM |
| Topical term or geographic name entry element |
Horror fiction. |
| 650 #7 - SUBJECT ADDED ENTRY--TOPICAL TERM |
| Topical term or geographic name entry element |
Mice |
| Form subdivision |
Fiction. |
| Source of heading or term |
sears |
| 650 #7 - SUBJECT ADDED ENTRY--TOPICAL TERM |
| Topical term or geographic name entry element |
Monsters |
| Form subdivision |
Fiction. |
| Source of heading or term |
sears |
| 655 #7 - INDEX TERM--GENRE/FORM |
| Genre/form data or focus term |
Humorous fiction. |
| Source of term |
gsafd |
| 655 #7 - INDEX TERM--GENRE/FORM |
| Genre/form data or focus term |
Mystery fiction. |
| Source of term |
gsafd |
| 655 #7 - INDEX TERM--GENRE/FORM |
| Genre/form data or focus term |
Horror fiction. |
| Source of term |
gsafd |
| 700 1# - ADDED ENTRY--PERSONAL NAME |
| Personal name |
Bigarella, Ivan, |
| Dates associated with a name |
1984- |
| Relator term |
illustrator |
| 906 ## - LOCAL DATA ELEMENT F, LDF (RLIN) |
| a |
7 |
| b |
cbc |
| c |
copycat |
| d |
2 |
| e |
ncip |
| f |
20 |
| g |
y-gencatlg |
| 942 ## - ADDED ENTRY ELEMENTS (KOHA) |
| Source of classification or shelving scheme |
Dewey Decimal Classification |
| Koha item type |
Books |
| Suppress in OPAC |
No |